00651 2200241 4500001002100000005001500021035002000036007000300056008004100059020002200100082001000122084001600132100002100148245004100169260004000210300004900250650001000299990002000309990002000329990002000349990002000369990002000389INLIS00000000000305920260602075828 a0010-0626000010ta260602 f 0 ind  a978-979-29-5892-8 a632.3 a632.3 SOE k1 aSoesanto, Loekas1 aKompendium Penyakit - Penyakit Kakao aYogyakarta :bLily Publisher,c2020 axxxii + 520 hlm. :bilus. ;c17.5 x 24.5 cm. 4aKakao a20260608.03.004 a20260608.03.005 a20260608.03.006 a20260608.03.007 a20260608.03.008